000 00644nam a2200229 a 4500
005 20210219152908.0
008 991125n 000 0 eng u
035 _aUPN01000066052
100 _aGodbey, Galen
222 _aEDUCATIONAL RECORD
245 _aBeyond TQM : competition and cooperation create the agile institution
300 _a37-42
362 _a1993 74, No. 2
505 _aOctubre 1993
653 0 _aADMINISTRACION DE COLEGIOS
653 0 _aCAMBIO ORGANIZACIONAL
653 0 _aCONTROL DE CALIDAD
653 0 _aEXCELENCIA EDUCATIVA
653 0 _aSISTEMAS DE DIRECCION
904 _aAC
_b003863
905 _aArticulo
999 _c63278
_d63278